MARC

LEADER 00000nam0a2200000 4500
001 34203
005 20231101210223.0
035 |a (RuTPU)RU\TPU\book\34587 
035 |a BOOK00001238 
090 |a 34203 
100 |a 20011210d1980 km y0rusy50 ca 
101 0 |a rus 
102 |a RU 
105 |a y z 000zy 
200 1 |a Тиристорные преобразователи частоты в электроприводе  |f под ред. Р. С. Сарбатова 
210 |a Москва  |c Энергия  |d 1980 
215 |a 327 с. 
606 |a Электроприводы  |2 stltpush  |3 (RuTPU)RU\TPU\subj\20689  |9 45775 
610 1 |a локальные системы автоматики 
610 1 |a тиристорные преобразователи частоты 
610 1 |a схемы 
610 1 |a действие 
610 1 |a характеристики 
610 1 |a расчеты 
675 |a 62-83  |v 3 
702 1 |a Сарбатов  |b Р. С.  |g Рудольф Сергеевич 
801 0 |a RU  |b 63413507  |c 20011210  |g PSBO 
801 2 |a RU  |b 63413507  |c 20201114  |g PSBO 
900 |a Локальные системы автоматики 
942 |c BK